Bevezetés a lézeres anyagmegmunkálásba
Elmentve itt :
| Szerző: | |
|---|---|
| Dokumentumtípus: | Vegyes gyűjtemény |
| Kulcsszavak: | anyagmegmunkálás laser alkalmazása lézeres |
| Tárgyszavak: | |
| Online Access: | http://eta.bibl.u-szeged.hu/858 |
| LEADER | 00662npc a2200181 i 4500 | ||
|---|---|---|---|
| 001 | eta858 | ||
| 005 | 20181130114156.0 | ||
| 008 | 181130suuuu hu o 0|| hun d | ||
| 040 | |a SZTE Elektronikus Tananyag Archívum |b hun | ||
| 041 | |a hun | ||
| 100 | 1 | |a Geretovszky Zsolt | |
| 245 | 1 | 0 | |a Bevezetés a lézeres anyagmegmunkálásba |h [elektronikus dokumentum] / |c Geretovszky Zsolt |
| 650 | 4 | |a Műszaki és technológiai tudományok | |
| 650 | 4 | |a Gépészmérnöki tudományok | |
| 695 | |a anyagmegmunkálás | ||
| 695 | |a laser alkalmazása | ||
| 695 | |a lézeres | ||
| 856 | 4 | 0 | |u https://eta.bibl.u-szeged.hu/858/1/2011-0013_geretovszky_bevezetes_a_lezeres.zip |z Dokumentum-elérés |